[Event "III Torneo Cerrado IRT Maspalo"]
[Site "San Bartolomé de Tirajana (Gra"]
[Date "2010.10.23"]
[Round "6"]
[White "Marrero Cardenes, Agustin"]
[Black "Perez Cardona, Jose Fernando"]
[Result "1-0"]
[WhiteElo "1787"]
[BlackElo "1466"]
[PlyCount "87"]
[EventDate "2010.10.15"]
[EventRounds "11"]
[EventCountry "ESP"]

1. d4 b6 2. c4 g6 3. e4 Bg7 4. Be3 Bb7 5. Nc3 d6 6. Bd3 Nd7 7. Nge2 e6 8. Qd2
Ne7 9. O-O-O f5 10. Nf4 Nf8 11. exf5 gxf5 12. d5 e5 13. Nh5 Rg8 14. Nxg7+ Rxg7
15. Bg5 Nfg6 16. Bxf5 Bc8 17. Be6 Nf8 18. Bh6 Nxe6 19. dxe6 Rg6 20. Bg5 Bxe6
21. Nd5 Bxd5 22. cxd5 Qd7 23. f3 O-O-O 24. g4 Rdg8 25. h4 R6g7 26. Kb1 Rf7 27.
Qd3 Ng6 28. Rc1 Nf4 29. Qa6+ Kb8 30. Rhd1 Rc8 31. Qc4 b5 32. Qb3 Ne2 33. Rc6
Nd4 34. Qd3 Rxf3 35. Qe4 Rf7 36. Be3 Nxc6 37. dxc6 Qe6 38. Qb4 Rcf8 39. Qxb5+
Kc8 40. Qb7+ Kd8 41. Bg5+ Re7 42. Qb8+ Qc8 43. Rxd6+ cxd6 44. Qxd6+ 1-0

[Event "III Torneo Cerrado IRT Maspalo"]
[Site "San Bartolomé de Tirajana (Gra"]
[Date "2010.10.23"]
[Round "6"]
[White "Jimenez Mendoza, Jose Miguel"]
[Black "Perez Hernandez, Juan Manuel"]
[Result "1/2-1/2"]
[WhiteElo "1717"]
[BlackElo "1653"]
[PlyCount "44"]
[EventDate "2010.10.15"]
[EventRounds "11"]
[EventCountry "ESP"]

1. e4 e5 2. Nf3 d6 3. Bc4 Nf6 4. Nc3 c6 5. d4 Nbd7 6. O-O h6 7. Re1 Be7 8. Bb3
O-O 9. dxe5 Nxe5 10. Nxe5 dxe5 11. Be3 Qxd1 12. Raxd1 Bb4 13. Bd2 Bg4 14. f3
Bh5 15. Ne2 Bc5+ 16. Kf1 b5 17. Ng3 Bg6 18. Be3 Bxe3 19. Rxe3 Rad8 20. Red3 Rc8
21. Rd6 a5 22. a4 b4 1/2-1/2

[Event "III Torneo Cerrado IRT Maspalo"]
[Site "San Bartolomé de Tirajana (Gra"]
[Date "2010.10.23"]
[Round "6"]
[White "Monzon Aleman, Ayoze"]
[Black "Gonzalez Garcia, Guillermo W"]
[Result "0-1"]
[WhiteElo "1750"]
[BlackElo "2215"]
[PlyCount "46"]
[EventDate "2010.10.15"]
[EventRounds "11"]
[EventCountry "ESP"]

1. e4 c5 2. Nf3 d6 3. b3 Nf6 4. Nc3 Nc6 5. Bb2 e6 6. d3 Be7 7. Qd2 O-O 8. Be2
e5 9. h3 d5 10. exd5 Nxd5 11. O-O-O Nc7 12. g4 Be6 13. Ne4 f6 14. Rdg1 Kh8 15.
Ng3 a5 16. Nf5 Nd4 17. N3h4 a4 18. Nxd4 cxd4 19. Nf5 axb3 20. axb3 Nd5 21. Nxe7
Qxe7 22. Bf3 Nb4 23. Kd1 Ra2 0-1

[Event "III Torneo Cerrado IRT Maspalo"]
[Site "San Bartolomé de Tirajana (Gra"]
[Date "2010.10.23"]
[Round "7"]
[White "Gonzalez Garcia, Guillermo W"]
[Black "Salcedo Izquierdo, Rafael"]
[Result "1-0"]
[WhiteElo "2215"]
[BlackElo "1471"]
[PlyCount "65"]
[EventDate "2010.10.15"]
[EventRounds "11"]
[EventCountry "ESP"]

1. d4 Nf6 2. c4 g6 3. Nc3 Bg7 4. e4 d6 5. Nf3 O-O 6. Be2 c6 7. O-O Bg4 8. Qc2
Bxf3 9. Bxf3 Nbd7 10. Rd1 Qc7 11. Bf4 e5 12. dxe5 Nxe5 13. Be2 Rad8 14. Rac1
Rfe8 15. Qd2 Rd7 16. Bg5 a6 17. Qf4 Re6 18. Qh4 Ne8 19. Be3 Bf6 20. Qg3 Ng7 21.
f4 Nxc4 22. Bxc4 Nh5 23. Qf2 Ree7 24. g4 Bxc3 25. gxh5 Bxb2 26. Rb1 Bg7 27. Bb6
Qb8 28. hxg6 hxg6 29. Kh1 c5 30. Rg1 Kh7 31. f5 gxf5 32. Qxf5+ Kg8 33. Rxg7+
1-0

[Event "III Torneo Cerrado IRT Maspalo"]
[Site "San Bartolomé de Tirajana (Gra"]
[Date "2010.10.23"]
[Round "7"]
[White "Perez Hernandez, Juan Manuel"]
[Black "Monzon Aleman, Ayoze"]
[Result "1/2-1/2"]
[WhiteElo "1653"]
[BlackElo "1750"]
[PlyCount "37"]
[EventDate "2010.10.15"]
[EventRounds "11"]
[EventCountry "ESP"]

1. e4 e5 2. Nf3 Nc6 3. Bc4 Nf6 4. d3 Be7 5. Be3 d6 6. h3 h6 7. Nc3 Na5 8. Bb3
Nxb3 9. axb3 a6 10. d4 exd4 11. Bxd4 Be6 12. O-O Qd7 13. e5 Nh7 14. Ne4 Ng5 15.
Ng3 Bd5 16. Nxg5 hxg5 17. Nh5 O-O-O 18. exd6 Bxd6 19. Bxg7 1/2-1/2

[Event "III Torneo Cerrado IRT Maspalo"]
[Site "San Bartolomé de Tirajana (Gra"]
[Date "2010.10.23"]
[Round "7"]
[White "Perez Cardona, Jose Fernando"]
[Black "Jimenez Mendoza, Jose Miguel"]
[Result "0-1"]
[WhiteElo "1466"]
[BlackElo "1717"]
[PlyCount "64"]
[EventDate "2010.10.15"]
[EventRounds "11"]
[EventCountry "ESP"]

1. d4 d5 2. c4 c6 3. Nc3 e6 4. e3 Nf6 5. Nf3 Be7 6. Bd2 O-O 7. Bd3 Nbd7 8. Qc2
c5 9. O-O dxc4 10. Bxc4 Nb6 11. Bd3 cxd4 12. Nxd4 Bd7 13. Rac1 Rc8 14. Rfd1 a6
15. Qb1 h6 16. h3 Nbd5 17. Nxd5 Nxd5 18. Rxc8 Qxc8 19. Rc1 Qb8 20. a3 Bd6 21.
Nf3 Bc6 22. e4 Nf4 23. e5 Nxd3 24. Qxd3 Bxe5 25. Nxe5 Qxe5 26. Bc3 Qg5 27. Qf1
Rd8 28. g3 Qd5 29. Kh2 Qf3 30. Re1 Rd3 31. Qg1 h5 32. Re3 Rxe3 0-1

[Event "III Torneo Cerrado IRT Maspalo"]
[Site "San Bartolomé de Tirajana (Gra"]
[Date "2010.10.23"]
[Round "7"]
[White "Morales Hengmith, Chantal"]
[Black "Marrero Cardenes, Agustin"]
[Result "1/2-1/2"]
[WhiteElo "1624"]
[BlackElo "1787"]
[PlyCount "37"]
[EventDate "2010.10.15"]
[EventRounds "11"]
[EventCountry "ESP"]

1. e4 c6 2. d4 d5 3. exd5 cxd5 4. Bd3 Nf6 5. Bg5 e6 6. Nf3 Nc6 7. c3 Be7 8. O-O
h6 9. Bh4 O-O 10. Qc2 Bd7 11. Nbd2 a6 12. h3 Qb6 13. Rfe1 Rfc8 14. Nb3 Nb4 15.
Qd2 Nxd3 16. Qxd3 a5 17. Ne5 Bb5 18. Qd2 Rc7 19. Qc2 1/2-1/2

[Event "III Torneo Cerrado IRT Maspalo"]
[Site "San Bartolomé de Tirajana (Gra"]
[Date "2010.10.23"]
[Round "7"]
[White "Aleman Alamo, Nicolas"]
[Black "Monteiro Rodrigues, Carlos"]
[Result "0-1"]
[WhiteElo "1694"]
[BlackElo "1665"]
[PlyCount "52"]
[EventDate "2010.10.15"]
[EventRounds "11"]
[EventCountry "ESP"]

1. d4 Nf6 2. c4 e5 3. d5 Bc5 4. e3 d6 5. Nc3 O-O 6. Nf3 Re8 7. Be2 Bg4 8. O-O
e4 9. Nd2 Bxe2 10. Qxe2 a6 11. Na4 Ba7 12. Nc3 Nbd7 13. b4 Nf8 14. Nb3 Ng6 15.
Bb2 Ne5 16. Nd2 Nfg4 17. Ncxe4 Nxh2 18. Bxe5 Rxe5 19. Nf3 Rxe4 20. Kxh2 f5 21.
g3 Qf6 22. Rac1 Rae8 23. c5 f4 24. gxf4 Rxf4 25. Kg2 Qg6+ 26. Kh1 Qh5+ 0-1

[Event "III Torneo Cerrado IRT Maspalo"]
[Site "San Bartolomé de Tirajana (Gra"]
[Date "2010.10.24"]
[Round "8"]
[White "Salcedo Izquierdo, Rafael"]
[Black "Roque Hernandez, Francisco"]
[Result "1/2-1/2"]
[WhiteElo "1471"]
[BlackElo "1620"]
[PlyCount "20"]
[EventDate "2010.10.15"]
[EventRounds "11"]
[EventCountry "ESP"]

1. e4 Nf6 2. Nc3 d6 3. d3 g6 4. Bg5 Bg7 5. Qd2 Be6 6. Bh6 Rg8 7. Bxg7 Rxg7 8.
f4 Qd7 9. Be2 Nc6 10. a3 O-O-O 1/2-1/2

[Event "III Torneo Cerrado IRT Maspalo"]
[Site "San Bartolomé de Tirajana (Gra"]
[Date "2010.10.24"]
[Round "8"]
[White "Marrero Cardenes, Agustin"]
[Black "Aleman Alamo, Nicolas"]
[Result "0-1"]
[WhiteElo "1787"]
[BlackElo "1694"]
[PlyCount "118"]
[EventDate "2010.10.15"]
[EventRounds "11"]
[EventCountry "ESP"]

1. d4 e6 2. c4 Nf6 3. Nc3 d5 4. Nf3 Be7 5. Bg5 h6 6. Bh4 O-O 7. e3 c5 8. cxd5
cxd4 9. exd4 Nxd5 10. Bxe7 Nxe7 11. Be2 Nd7 12. O-O Nf6 13. Qb3 Ned5 14. Bc4
Nb6 15. Bd3 Bd7 16. Rac1 Bc6 17. Ne5 Bd5 18. Nxd5 Qxd5 19. Qxd5 Nbxd5 20. f4
Ne3 21. Rf3 Nf5 22. Bxf5 exf5 23. g3 Rfd8 24. Rc7 Rxd4 25. Rxb7 Rd1+ 26. Rf1
Rd2 27. Rf2 Rd1+ 28. Kg2 a5 29. Rc2 Rad8 30. Rcc7 R8d2+ 31. Kf3 Rf1+ 32. Ke3
Rff2 33. Rc5 Ng4+ 34. Nxg4 fxg4 35. Ke4 Rfe2+ 36. Kf5 g6+ 37. Kxg4 Rxb2 38.
Rxb2 Rxb2 39. Rxa5 Rxh2 40. Ra8+ Kg7 41. a4 h5+ 42. Kf3 h4 43. gxh4 Rxh4 44. a5
Rh3+ 45. Ke4 Ra3 46. a6 Ra5 47. Kd4 Kf6 48. a7 Kf5 49. Ke3 Ra3+ 50. Ke2 Kxf4
51. Kf2 f5 52. Rg8 Rxa7 53. Rxg6 Ra2+ 54. Kg1 Kf3 55. Rg8 f4 56. Rb8 Re2 57.
Rb3+ Re3 58. Rxe3+ Kxe3 59. Kf1 Kf3 0-1

[Event "III Torneo Cerrado IRT Maspalo"]
[Site "San Bartolomé de Tirajana (Gra"]
[Date "2010.10.24"]
[Round "8"]
[White "Jimenez Mendoza, Jose Miguel"]
[Black "Morales Hengmith, Chantal"]
[Result "1/2-1/2"]
[WhiteElo "1717"]
[BlackElo "1624"]
[PlyCount "29"]
[EventDate "2010.10.15"]
[EventRounds "11"]
[EventCountry "ESP"]

1. e4 e5 2. Nf3 Nc6 3. Bb5 d6 4. O-O Nf6 5. Re1 Be7 6. c3 O-O 7. d4 exd4 8.
cxd4 Bg4 9. Bxc6 bxc6 10. Nc3 h6 11. h3 Bh5 12. Qd3 Bg6 13. Nh4 Bh7 14. Qg3 Nh5
15. Qd3 1/2-1/2

[Event "III Torneo Cerrado IRT Maspalo"]
[Site "San Bartolomé de Tirajana (Gra"]
[Date "2010.10.24"]
[Round "8"]
[White "Monzon Aleman, Ayoze"]
[Black "Perez Cardona, Jose Fernando"]
[Result "1-0"]
[WhiteElo "1750"]
[BlackElo "1466"]
[PlyCount "59"]
[EventDate "2010.10.15"]
[EventRounds "11"]
[EventCountry "ESP"]

1. e4 g6 2. d4 Bg7 3. Nf3 d6 4. Be3 b6 5. c4 Bb7 6. Nc3 e6 7. Bd3 Nd7 8. Qd2
Ne7 9. O-O O-O 10. Bh6 f5 11. Bxg7 Kxg7 12. Ng5 Rf6 13. f4 Qg8 14. b4 h6 15. e5
Rff8 16. exd6 cxd6 17. Nf3 Rfe8 18. Nb5 Bxf3 19. Rxf3 Red8 20. Nxd6 Nf6 21. c5
Ned5 22. Re1 Ne8 23. Nxe8+ Qxe8 24. Bc4 Qd7 25. Qe2 Nxb4 26. Bxe6 Qxd4+ 27. Kh1
bxc5 28. Bxf5 gxf5 29. Rg3+ Kf6 30. Qe7# 1-0

[Event "III Torneo Cerrado IRT Maspalo"]
[Site "San Bartolomé de Tirajana (Gra"]
[Date "2010.10.24"]
[Round "8"]
[White "Gonzalez Garcia, Guillermo W"]
[Black "Perez Hernandez, Juan Manuel"]
[Result "1-0"]
[WhiteElo "2215"]
[BlackElo "1653"]
[PlyCount "55"]
[EventDate "2010.10.15"]
[EventRounds "11"]
[EventCountry "ESP"]

1. d4 d5 2. c4 c6 3. Nc3 e6 4. Nf3 Bb4 5. Qb3 Ba5 6. e3 Nf6 7. Bd3 O-O 8. O-O
Bc7 9. e4 dxe4 10. Nxe4 Nxe4 11. Bxe4 Nd7 12. Bd2 h6 13. Rad1 Nf6 14. Bb1 a5
15. Qc2 Re8 16. Rfe1 b5 17. c5 Qd5 18. Bc1 Qh5 19. Ne5 Bb7 20. Re3 Bxe5 21.
dxe5 Rad8 22. Rde1 Nd5 23. Qh7+ Kf8 24. Rh3 Qg4 25. Rg3 Qb4 26. Rf1 Ke7 27.
Rxg7 Rf8 28. Bg6 1-0

[Event "III Torneo Cerrado IRT Maspalo"]
[Site "San Bartolomé de Tirajana (Gra"]
[Date "2010.10.29"]
[Round "9"]
[White "Perez Hernandez, Juan Manuel"]
[Black "Salcedo Izquierdo, Rafael"]
[Result "1-0"]
[WhiteElo "1653"]
[BlackElo "1471"]
[PlyCount "59"]
[EventDate "2010.10.15"]
[EventRounds "11"]
[EventCountry "ESP"]

1. e4 e5 2. Nf3 Nc6 3. Bc4 Nf6 4. d3 Be7 5. c3 d6 6. O-O Na5 7. Qa4+ Nc6 8. Bd5
Bd7 9. Qb3 Nxd5 10. Qxd5 O-O 11. Qb3 Rb8 12. d4 exd4 13. cxd4 a6 14. Be3 b6 15.
Nbd2 b5 16. d5 Na5 17. Qc3 Nb7 18. b4 Rc8 19. Bd4 Bf6 20. e5 dxe5 21. Nxe5 Bxe5
22. Bxe5 f6 23. Bg3 Bf5 24. Qc6 Nd6 25. Qxa6 Bd3 26. Rfe1 Ra8 27. Qc6 Ra4 28.
Re3 Ra3 29. Qc1 Ra4 30. Rxd3 1-0

[Event "III Torneo Cerrado IRT Maspalo"]
[Site "San Bartolomé de Tirajana (Gra"]
[Date "2010.10.29"]
[Round "9"]
[White "Perez Cardona, Jose Fernando"]
[Black "Gonzalez Garcia, Guillermo W"]
[Result "0-1"]
[WhiteElo "1466"]
[BlackElo "2215"]
[PlyCount "40"]
[EventDate "2010.10.15"]
[EventRounds "11"]
[EventCountry "ESP"]

1. g3 d5 2. b3 e5 3. Bg2 Nf6 4. Bb2 Bd6 5. d3 O-O 6. Nd2 c6 7. e3 Bg4 8. Ne2
Qd7 9. O-O c5 10. Nf3 Nc6 11. c4 d4 12. exd4 exd4 13. Ng5 h6 14. Ne4 Nxe4 15.
Bxe4 Rfe8 16. f3 Bh3 17. Rf2 Kh8 18. Qd2 f5 19. Bxc6 Qxc6 20. Re1 f4 0-1

[Event "III Torneo Cerrado IRT Maspalo"]
[Site "San Bartolomé de Tirajana (Gra"]
[Date "2010.10.29"]
[Round "9"]
[White "Morales Hengmith, Chantal"]
[Black "Monzon Aleman, Ayoze"]
[Result "1/2-1/2"]
[WhiteElo "1624"]
[BlackElo "1750"]
[PlyCount "39"]
[EventDate "2010.10.15"]
[EventRounds "11"]
[EventCountry "ESP"]

1. e4 c6 2. d4 d5 3. exd5 cxd5 4. Bd3 Nc6 5. c3 Nf6 6. Nf3 Bg4 7. Bg5 e6 8. h3
Bh5 9. Nbd2 Be7 10. O-O h6 11. Bh4 O-O 12. Qc2 Rc8 13. a3 a6 14. Rfe1 Re8 15.
Ne5 Nxe5 16. dxe5 Nd7 17. Bxe7 Qxe7 18. g4 Bg6 19. Bxg6 fxg6 20. Qxg6 1/2-1/2

[Event "III Torneo Cerrado IRT Maspalo"]
[Site "San Bartolomé de Tirajana (Gra"]
[Date "2010.10.29"]
[Round "9"]
[White "Aleman Alamo, Nicolas"]
[Black "Jimenez Mendoza, Jose Miguel"]
[Result "0-1"]
[WhiteElo "1694"]
[BlackElo "1717"]
[PlyCount "98"]
[EventDate "2010.10.15"]
[EventRounds "11"]
[EventCountry "ESP"]

1. d4 f5 2. c4 e6 3. Nc3 Nf6 4. Nf3 c6 5. g3 d5 6. cxd5 cxd5 7. Bg2 Nc6 8. a3
a6 9. O-O Be7 10. Bf4 O-O 11. Rc1 Bd6 12. Bxd6 Qxd6 13. Qc2 Bd7 14. e3 Rac8 15.
Qe2 Na5 16. Qd1 Nc4 17. Qb3 Rc7 18. Na4 Bxa4 19. Qxa4 Nxb2 20. Qb3 Nc4 21. Qb4
Qxb4 22. axb4 Rfc8 23. Rb1 Ne4 24. Ra1 Ned2 25. Nxd2 Nxd2 26. Rfd1 Rc2 27. Re1
R8c4 28. Bf1 Nxf1 29. Kxf1 Rxb4 30. Kg2 Rbb2 31. Rf1 Kf7 32. Rac1 Ke7 33. Rxc2
Rxc2 34. Ra1 g5 35. h3 h5 36. g4 fxg4 37. hxg4 h4 38. Kf3 Kd6 39. Ra5 Rc4 40.
Ra2 Kc6 41. Kg2 e5 42. Rd2 e4 43. f3 b5 44. fxe4 dxe4 45. Rf2 b4 46. Rf6+ Kb7
47. Rf5 b3 48. Rf1 Rc2+ 49. Kg1 b2 0-1

[Event "III Torneo Cerrado IRT Maspalo"]
[Site "San Bartolomé de Tirajana (Gra"]
[Date "2010.10.29"]
[Round "9"]
[White "Roque Hernandez, Francisco"]
[Black "Monteiro Rodrigues, Carlos"]
[Result "0-1"]
[WhiteElo "1620"]
[BlackElo "1665"]
[PlyCount "69"]
[EventDate "2010.10.15"]
[EventRounds "11"]
[EventCountry "ESP"]

1. b4 e5 2. b5 Bc5 3. e3 Nf6 4. d4 exd4 5. exd4 Bb6 6. Nf3 O-O 7. Be2 d5 8. O-O
c6 9. a4 Bg4 10. a5 Bxa5 11. Ne5 Bxe2 12. Qxe2 Ne4 13. Bb2 Re8 14. f3 Nd6 15.
Qd3 Nxb5 16. c4 Nd6 17. c5 Nb5 18. f4 f6 19. Ng4 Na6 20. Qg3 Kh8 21. Na3 Nxa3
22. Rxa3 Bc7 23. Rb3 b6 24. h4 bxc5 25. dxc5 Nxc5 26. Rc3 Ne4 27. Qd3 Nxc3 28.
Bxc3 d4 29. Bd2 Qd7 30. Qf3 Re7 31. h5 Rf8 32. h6 g6 33. Rf2 c5 34. Re2 Rxe2
35. Qxe2 0-1

[Event "III Torneo Cerrado IRT Maspalo"]
[Site "San Bartolomé de Tirajana (Gra"]
[Date "2010.10.30"]
[Round "10"]
[White "Salcedo Izquierdo, Rafael"]
[Black "Monteiro Rodrigues, Carlos"]
[Result "0-1"]
[WhiteElo "1471"]
[BlackElo "1665"]
[PlyCount "51"]
[EventDate "2010.10.15"]
[EventRounds "11"]
[EventCountry "ESP"]

1. e4 e5 2. Nf3 Nc6 3. Bb5 a6 4. Ba4 Nf6 5. d3 d6 6. Bb3 Bg4 7. Bg5 Nd4 8. Nbd2
Nxb3 9. Nxb3 Be7 10. Nbd2 h6 11. Bxf6 Bxf6 12. h3 Be6 13. Nc4 O-O 14. O-O Qd7
15. Ne3 Bd8 16. c3 f5 17. exf5 Bxf5 18. Nxf5 Rxf5 19. Qb3+ Kh8 20. Qxb7 Rc8 21.
Qxa6 Be7 22. Qc4 Rcf8 23. Nh2 Rf4 24. Qb3 R8f6 25. g3 Qxh3 26. Kh1 0-1

[Event "III Torneo Cerrado IRT Maspalo"]
[Site "San Bartolomé de Tirajana (Gra"]
[Date "2010.10.30"]
[Round "10"]
[White "Marrero Cardenes, Agustin"]
[Black "Roque Hernandez, Francisco"]
[Result "1-0"]
[WhiteElo "1787"]
[BlackElo "1620"]
[PlyCount "111"]
[EventDate "2010.10.15"]
[EventRounds "11"]
[EventCountry "ESP"]

1. d4 Nf6 2. c4 e6 3. Nc3 Bb4 4. Bd2 c5 5. e3 d5 6. a3 Bxc3 7. Bxc3 Ne4 8. Nf3
O-O 9. Qc2 Nxc3 10. Qxc3 cxd4 11. Nxd4 e5 12. Nf3 e4 13. Nd4 Be6 14. Be2 Nd7
15. Nxe6 fxe6 16. O-O Rc8 17. b4 Nf6 18. Qb3 Kh8 19. h3 a6 20. Rfd1 Qe7 21. a4
Rc7 22. c5 Rfc8 23. a5 h6 24. Rdc1 Nd7 25. Ra2 Nb8 26. Rb2 Nc6 27. Qa4 d4 28.
exd4 Nxd4 29. Re1 Qg5 30. Qa3 Rd8 31. Qg3 Qxg3 32. fxg3 Nf5 33. g4 Nd4 34. Bc4
e5 35. Rxe4 Nc6 36. Rbe2 Rd4 37. Rxd4 exd4 38. Bd3 Kg8 39. Bg6 Rc8 40. Rb2 Kf8
41. Be4 Rd8 42. Bxc6 bxc6 43. Kf1 Ke7 44. Re2+ Kf6 45. Ke1 Rd5 46. Kd2 Re5 47.
Rf2+ Ke6 48. Kd3 Kd5 49. Rf5 Rxf5 50. gxf5 Ke5 51. g4 Kd5 52. h4 Ke5 53. g5
hxg5 54. hxg5 Kxf5 55. Kxd4 Kxg5 56. b5 1-0

[Event "III Torneo Cerrado IRT Maspalo"]
[Site "San Bartolomé de Tirajana (Gra"]
[Date "2010.10.30"]
[Round "10"]
[White "Monzon Aleman, Ayoze"]
[Black "Aleman Alamo, Nicolas"]
[Result "0-1"]
[WhiteElo "1750"]
[BlackElo "1694"]
[PlyCount "132"]
[EventDate "2010.10.15"]
[EventRounds "11"]
[EventCountry "ESP"]

1. e4 e6 2. d4 d5 3. exd5 Qxd5 4. Nf3 Nf6 5. Bd3 Be7 6. O-O b6 7. c4 Qd8 8. Nc3
Bb7 9. Be3 O-O 10. Re1 Nbd7 11. Qe2 Re8 12. a3 c5 13. dxc5 Nxc5 14. Bxc5 Bxc5
15. Red1 Qc7 16. b4 Bd6 17. Nb5 Bxf3 18. Nxc7 Bxe2 19. Nxe8 Nxe8 20. Bxe2 Be5
21. Ra2 Kf8 22. Rad2 Ke7 23. Rd7+ Kf6 24. Rd8 Rxd8 25. Rxd8 Ke7 26. Rd1 Nf6 27.
f3 h6 28. g3 Ne8 29. Kf2 Bd6 30. Ke3 Nf6 31. Rb1 g5 32. a4 Nd7 33. a5 bxa5 34.
c5 Bc7 35. Bb5 axb4 36. Bxd7 Kxd7 37. Rxb4 Kc6 38. Ra4 a5 39. Rc4 Be5 40. f4
gxf4+ 41. gxf4 Bb2 42. Ra4 Bc3 43. Rc4 Bb4 44. Kd4 Ba3 45. Rc2 Bb4 46. h3 Be1
47. Ke5 Bb4 48. Kf6 Bxc5 49. Kxf7 Kd5 50. Re2 a4 51. Re5+ Kc4 52. Rxe6 a3 53.
Ra6 Kb3 54. Rxh6 a2 55. Ra6 Ba3 56. Rb6+ Kc2 57. Rc6+ Kb1 58. Rb6+ Kc2 59. Rc6+
Kd2 60. f5 a1=Q 61. f6 Qh1 62. Rc7 Qxh3 63. Re7 Qf5 64. Re6 Qh7+ 65. Ke8 Qg8+
66. Kd7 Qf7+ 0-1

[Event "III Torneo Cerrado IRT Maspalo"]
[Site "San Bartolomé de Tirajana (Gra"]
[Date "2010.10.30"]
[Round "10"]
[White "Gonzalez Garcia, Guillermo W"]
[Black "Morales Hengmith, Chantal"]
[Result "1-0"]
[WhiteElo "2215"]
[BlackElo "1624"]
[PlyCount "53"]
[EventDate "2010.10.15"]
[EventRounds "11"]
[EventCountry "ESP"]

1. d4 Nf6 2. c4 c5 3. Nf3 cxd4 4. Nxd4 g6 5. Nc3 Bg7 6. e4 d6 7. Be2 Qb6 8. Nc2
O-O 9. O-O Nbd7 10. Be3 Qc7 11. f3 Ne5 12. Nb5 Qb8 13. Qd2 a6 14. Nc3 Bd7 15.
a4 Qc7 16. Na3 Be6 17. b3 Nfd7 18. Nd5 Bxd5 19. cxd5 Rac8 20. Rac1 Nc5 21. b4
Nb3 22. Rxc7 Nxd2 23. Rxc8 Nxf1 24. Rxf8+ Kxf8 25. Kxf1 Nd7 26. a5 Bc3 27. Nc2
1-0

[Event "III Torneo Cerrado IRT Maspalo"]
[Site "San Bartolomé de Tirajana (Gra"]
[Date "2010.10.30"]
[Round "10"]
[White "Perez Hernandez, Juan Manuel"]
[Black "Perez Cardona, Jose Fernando"]
[Result "1/2-1/2"]
[WhiteElo "1653"]
[BlackElo "1466"]
[PlyCount "119"]
[EventDate "2010.10.15"]
[EventRounds "11"]
[EventCountry "ESP"]

1. e4 e5 2. Nf3 Nc6 3. c3 Nf6 4. d3 Bc5 5. Bg5 d6 6. a4 a5 7. Be2 h6 8. Bh4 g5
9. Bg3 g4 10. Nfd2 Nh5 11. Bxg4 Nxg3 12. hxg3 Bxg4 13. Qxg4 Qf6 14. Nf3 Ke7 15.
Qh4 Rag8 16. Nbd2 Nd8 17. Qxf6+ Kxf6 18. O-O-O Bxf2 19. Nf1 Bxg3 20. Nxg3 Rxg3
21. Rdf1 Ke7 22. Nh4 Rg6 23. Nxg6+ fxg6 24. Rf3 Ne6 25. g3 Ng5 26. Rf2 Rh7 27.
g4 Ne6 28. Rfh2 Nf4 29. Kc2 h5 30. gxh5 gxh5 31. b4 axb4 32. cxb4 Rh8 33. Kd2
Rg8 34. b5 Rg3 35. Ra1 Rxd3+ 36. Kc2 b6 37. Rxh5 Nxh5 38. Kxd3 Nf4+ 39. Kc4 Kd7
40. Rh1 Kc8 41. Kb4 Nd3+ 42. Kb3 Nc5+ 43. Kb4 Nxe4 44. a5 bxa5+ 45. Kxa5 Nc5
46. Kb4 Kb7 47. Rh6 Nd3+ 48. Kc4 Nc5 49. Rh7 Ne4 50. Rh1 Nc5 51. Ra1 e4 52. Rb1
Nd3 53. Kd4 Nc5 54. Kd5 e3 55. Kc4 c6 56. bxc6+ Kxc6 57. Re1 d5+ 58. Kd4 Ne6+
59. Kxe3 Kd6 60. Rh1 1/2-1/2

[Event "III Torneo Cerrado IRT Maspalo"]
[Site "San Bartolomé de Tirajana (Gra"]
[Date "2010.10.30"]
[Round "11"]
[White "Perez Cardona, Jose Fernando"]
[Black "Salcedo Izquierdo, Rafael"]
[Result "1-0"]
[WhiteElo "1466"]
[BlackElo "1471"]
[PlyCount "63"]
[EventDate "2010.10.15"]
[EventRounds "11"]
[EventCountry "ESP"]

1. d4 d5 2. c4 dxc4 3. e4 g6 4. Bxc4 Bg7 5. Nf3 e6 6. Bg5 Bf6 7. Bxf6 Nxf6 8.
Nc3 b6 9. O-O Bb7 10. Re1 O-O 11. Qc2 Nbd7 12. Rad1 c6 13. e5 Nd5 14. Qc1 f5
15. Qh6 Qe7 16. Ng5 Rae8 17. Rd3 Qg7 18. Rh3 Qxh6 19. Rxh6 Re7 20. Bxd5 cxd5
21. Re3 Nxe5 22. Rxe5 Kg7 23. Rxh7+ Kf6 24. Rxe7 Kxe7 25. Nxe6 Rb8 26. Nc5+ Kf7
27. Nxb7 Rxb7 28. Rxd5 Re7 29. Re5 Rd7 30. d5 Kf6 31. f4 g5 32. Re6+ 1-0

[Event "III Torneo Cerrado IRT Maspalo"]
[Site "San Bartolomé de Tirajana (Gra"]
[Date "2010.10.30"]
[Round "11"]
[White "Morales Hengmith, Chantal"]
[Black "Perez Hernandez, Juan Manuel"]
[Result "1-0"]
[WhiteElo "1624"]
[BlackElo "1653"]
[PlyCount "83"]
[EventDate "2010.10.15"]
[EventRounds "11"]
[EventCountry "ESP"]

1. e4 e5 2. Nf3 Nc6 3. Bc4 h6 4. c3 Nf6 5. d3 Bc5 6. O-O O-O 7. Be3 Bb6 8. Bxb6
axb6 9. Nbd2 Na5 10. Nxe5 d6 11. Nef3 Bg4 12. h3 Bd7 13. Bb3 Nxb3 14. Qxb3 Be6
15. c4 c5 16. a3 Nh5 17. Rfe1 Nf4 18. Nf1 Qf6 19. Qd1 Qxb2 20. Rb1 Qxa3 21.
Rxb6 Qxd3 22. Rxd6 Qxc4 23. Qd2 Ng6 24. Rc1 Qxe4 25. Rxc5 Qb1 26. Rc1 Qb5 27.
Nd4 Qe5 28. Nxe6 fxe6 29. Re1 Qf4 30. Rexe6 Qxd2 31. Rxd2 Nf4 32. Re7 Rab8 33.
Rdd7 Nh5 34. g4 Nf6 35. Rxg7+ Kh8 36. Rxb7 Rxb7 37. Rxb7 Ne4 38. Rb2 Kh7 39.
Ne3 Ng5 40. Kg2 Kg6 41. Nf5 Rf6 42. Rb7 1-0

[Event "III Torneo Cerrado IRT Maspalo"]
[Site "San Bartolomé de Tirajana (Gra"]
[Date "2010.10.30"]
[Round "11"]
[White "Aleman Alamo, Nicolas"]
[Black "Gonzalez Garcia, Guillermo W"]
[Result "0-1"]
[WhiteElo "1694"]
[BlackElo "2215"]
[PlyCount "144"]
[EventDate "2010.10.15"]
[EventRounds "11"]
[EventCountry "ESP"]

1. d4 Nf6 2. c4 e6 3. Nc3 Bb4 4. Qc2 b6 5. Bg5 Bb7 6. Nf3 c5 7. dxc5 bxc5 8. e3
Qa5 9. Bxf6 gxf6 10. Be2 Nc6 11. O-O Bxc3 12. Qxc3 Qxc3 13. bxc3 d6 14. Rfd1
Ke7 15. Rab1 Ba6 16. Bd3 Rab8 17. Rb3 Rb6 18. Rdb1 Rhb8 19. Rxb6 axb6 20. Kf1
Na5 21. Nd2 f5 22. Ke1 Kd7 23. Be2 Kc7 24. f4 Ra8 25. Rb2 Bb7 26. Kf2 d5 27.
cxd5 Bxd5 28. Bf3 Bc6 29. Bxc6 Kxc6 30. c4 Rd8 31. Ke2 Kc7 32. Rc2 Nc6 33. a3
Rd6 34. Nf3 Rd7 35. Rc3 f6 36. Rc2 Rd8 37. Rc3 Ra8 38. Nd2 Ra4 39. Kf3 Ne7 40.
Ke2 Kc6 41. Kd3 b5 42. cxb5+ Kxb5 43. Rb3+ Kc6 44. Nc4 Nd5 45. Nb2 Ra8 46. Nc4
Ra4 47. Nb2 Ra8 48. Nc4 h6 49. Ke2 Ra4 50. Kd3 h5 51. Rb8 e5 52. fxe5 fxe5 53.
Nxe5+ Kc7 54. Rb3 Nxe3 55. Kxe3 Re4+ 56. Kf3 Rxe5 57. Re3 Rd5 58. a4 Kb6 59.
Re6+ Ka5 60. Rh6 Kxa4 61. Rxh5 c4 62. Rh8 c3 63. Rc8 Kb3 64. h4 c2 65. h5 Rd3+
66. Kf4 Rc3 67. Rxc3+ Kxc3 68. Kxf5 c1=Q 69. g4 Kd4 70. g5 Qc2+ 71. Kf6 Qh7 72.
h6 Kd5 0-1